00285nam a2200109Ia 4500008004100000041001200041082001100053100001800064245008000082260000600162650000700168221030s9999 xx 000 0 und d aEnglish a105.23 aN Subramanian 0aIntroduction to Computers Vol 1Fund. of Computer Seciencecby N Subramanian c0 aMc